The prince / (Record no. 360120)
[ view plain ]
| 000 -LEADER | |
|---|---|
| fixed length control field | 00855nam a2200313Ia 4500 |
| 008 - FIXED-LENGTH DATA ELEMENTS--GENERAL INFORMATION | |
| fixed length control field | 181129s9999 xx 000 0 und d |
| 020 ## - INTERNATIONAL STANDARD BOOK NUMBER | |
| International Standard Book Number | 9780451531001 |
| 050 ## - LIBRARY OF CONGRESS CALL NUMBER | |
| Item number | M149 2008 |
| 100 ## - MAIN ENTRY--PERSONAL NAME | |
| Personal name | Machiavelli, Niccolo |
| 245 #4 - TITLE STATEMENT | |
| Title | The prince / |
| 245 #0 - TITLE STATEMENT | |
| Statement of responsibility, etc | by Niccolo Machiavelli ; introduction by Christian Gauss and new afterword by Regina Barreca. |
| 260 ## - PUBLICATION, DISTRIBUTION, ETC. (IMPRINT) | |
| Place of publication, distribution, etc | New York, NY : |
| 260 ## - PUBLICATION, DISTRIBUTION, ETC. (IMPRINT) | |
| Name of publisher, distributor, etc | Scholastic, |
| 260 ## - PUBLICATION, DISTRIBUTION, ETC. (IMPRINT) | |
| Date of publication, distribution, etc | 2008 |
| 300 ## - PHYSICAL DESCRIPTION | |
| Extent | 126 pages : |
| 300 ## - PHYSICAL DESCRIPTION | |
| Other physical details | illustrations ; |
| 300 ## - PHYSICAL DESCRIPTION | |
| Dimensions | 17cm. |
| 440 ## - SERIES STATEMENT/ADDED ENTRY--TITLE | |
| Title | Signet classics. |
| 500 ## - GENERAL NOTE | |
| General note | 1430L |
| 650 ## - SUBJECT ADDED ENTRY--TOPICAL TERM | |
| Topical term or geographic name as entry element | Great books of the Western World. |
| 650 ## - SUBJECT ADDED ENTRY--TOPICAL TERM | |
| Topical term or geographic name as entry element | Military art and science. |
| 650 ## - SUBJECT ADDED ENTRY--TOPICAL TERM | |
| Topical term or geographic name as entry element | Pilotical ethics. |
| 650 ## - SUBJECT ADDED ENTRY--TOPICAL TERM | |
| Topical term or geographic name as entry element | Political science. |
| 650 ## - SUBJECT ADDED ENTRY--TOPICAL TERM | |
| Topical term or geographic name as entry element | War. |
| 700 ## - ADDED ENTRY--PERSONAL NAME | |
| Personal name | Barreca, Regina. |
| 700 ## - ADDED ENTRY--PERSONAL NAME | |
| Personal name | Gauss, Christian. |
| 700 ## - ADDED ENTRY--PERSONAL NAME | |
| Personal name | Series. |
| 700 ## - ADDED ENTRY--PERSONAL NAME | |
| Personal name | Title. |
| Withdrawn status | Lost status | Damaged status | Home library | Current library | Shelving location | Date acquired | Total Checkouts | Full call number | Barcode | Date last seen | Price effective from | Koha item type |
|---|---|---|---|---|---|---|---|---|---|---|---|---|
| Stonyhurst Southville International School (Malarayat) | Stonyhurst Southville International School (Malarayat) | 11/29/2018 | FIC M149 2008 | SSISM5914 | 11/29/2018 | 11/29/2018 | Books |